Culture Générale - Série 1528 - Statistiques

Statistiques générales
  • Ce quiz a été pris 105 fois
  • Le résultat moyen est 4 sur 10
Statistiques - réponses
Question Réponse % Correct
Qu'est-ce qui peut être "à outils", "à lettres" ou "de Pandore" ? boîte
100%
Quel mot anglais désigne le compartiment du réfrigérateur dans lequel on fabrique les glaçons ? freezer
74%
Quelle petite fille, au visage constellé de taches de rousseur et doté d'une force étonnante, a été imaginée par Astrid Lindgen ? Fifi Brindacier
59%
Quel singe de Bornéo tire son nom de son nez proéminent, en forme de petite trompe retombant devant la bouche ? nasique
57%
Si S.A.R. signifie Son Altesse Royale, que désigne l'abréviation S.A.I ? Son Altesse Impériale
51%
Quelle maladie infectieuse, due au bacille de Hansen, entraîne des lésions de la peau, des nerfs et des yeux ? lèpre
37%
En 1215, quel roi d'Angleterre doit accepter la "Magna Carta", charte imposée par les barons ? Jean sans Terre
23%
D'après la chanson populaire, qui cassait des tas de cailloux sur la route de Louviers ? cantonnier
20%
A quel physicien et un mathématicien italien du XVIIᵉ siècle doit-on l'invention du baromètre ? Evangelista Torricelli
13%
Quelle maladie, due à une carence en vitamine B1, se traduit par une insuffisance cardiaque compliquée d'oedèmes ? béribéri
9%
Aucun quiz correspondant
Distribution des résultats
% des personnes avec chaque résultat
Percentile par nombre de réponses
Votre historique - résultats
Vous n’avez pas pris ce quiz